000 00869nas a2200301 4500
001 BR0503879
003 BR-BrBNA
005 20231205105529.0
007 ta
008 230509b bl.|||p| |||| 00| 00por d
040 _aBR-BrBNA
_bpor
_cBiblioteca Nacional de Agricultura
041 _a(Pt)
072 _aL02; U10
100 1 _aMarcato, S.M.
100 1 _aLima, G.J.M.M. de
245 1 _aEfeito da restrição alimentar como redutor do poder poluente dos dejetos de suínos
650 _aSUÍNO
650 _aCOBRE
650 _aFEZES
650 _aMINERAL
650 _aNITROGÊNIO
650 _aURINA
650 _aDIETA
650 _aMÉTODO ESTATÍSTICO
773 0 _tRevista Brasileira de Zootecnia (Brazil)
_xISSN 1516-3598
_g(May-Jun 2005), v. 34(3) p. 855-863
_wBR0503879
909 _a202311
_bLúcia
_c55
_dLúcia Elande
942 _2AGRIS
_n0
_cANA
999 _c183424
_d183424